000 00397nam a22001697a 4500
005 20160616095712.0
008 160616b xxu||||| |||| 00| 0 eng d
020 _a81-7807-059-1
041 _aeng
082 _b7892
100 _aThornhill, Adrian
_92004
245 _aManaging Change
260 _aDelhi
_bpearson education
_c2000
300 _a307
650 _aManagement
_9241
942 _cBK
999 _c2862
_d2861